000 00319nam a2200133Ia 4500
008 150201s2009 xx 000 0 und d
082 _a616.07
_bP09D
100 _aDEY,NC
245 2 _aA TB OF PATHOLOGY
250 _a15TH
260 _bNEW CENTRAL BOOK AGENCY
_aCALCATA
_c2009
650 _aPATHOLOGY
942 _2ddc
_cBK
_02
999 _c667
_d667